00281nam a2200109Ia 4500008004100000100002100041245001600062260000900078300003300087440002400120650002700144180117s9999 xx 000 0 und d aby Jullie Y Daza aMedium Rare c2016 a20-22 pages, 2016 January 24 aPhilippine Panorama aTURNING 70, SPLENDIDLY